|
|
|
|
| LEADER |
00000nam a2200000Ii 4500 |
| 001 |
DIGUPERCA0026 |
| 003 |
NyNyDIG |
| 006 |
m o d |
| 007 |
cr ||||||||||| |
| 008 |
220704s2012 pe o 000 0 spa d |
| 035 |
|
|
|a (OCoLC)909900323
|
| 040 |
|
|
|a DGITA
|b eng
|e rda
|e pn
|c DGITA
|
| 020 |
|
|
|a 9786124041860
|q versión pdf
|
| 020 |
|
|
|a 9786124191817
|q versión ePub
|
| 020 |
|
|
|z 9786124041754
|q versión impresa
|
| 043 |
|
|
|a s-pe---
|
| 050 |
1 |
4 |
|a HC227 ebook
|
| 082 |
0 |
4 |
|a 338.985
|
| 100 |
1 |
|
|a Alvarez Falcón, César,
|e author.
|
| 245 |
1 |
3 |
|a El despegue :
|b de las burbujas económicas al desarrollo sostenible /
|c César Alvarez Falcón.
|
| 264 |
|
1 |
|a Lima, Perú :
|b UPC, Universidad Peruana de Ciencias Aplicadas,
|c [2012]
|
| 300 |
|
|
|a 1 online resource.
|
| 336 |
|
|
|a text
|b txt
|2 rdacontent
|
| 337 |
|
|
|a computer
|b c
|2 rdamedia
|
| 338 |
|
|
|a online resource
|b cr
|2 rdacarrier
|
| 347 |
|
|
|a text file
|2 rdaft
|
| 347 |
|
|
|b PDF
|
| 347 |
|
|
|b EPUB
|
| 588 |
0 |
|
|a Online resource; title from PDF title page (Digitalia, viewed July 4, 2022)
|
| 650 |
|
0 |
|a Sustainable development
|z Peru.
|
| 651 |
|
0 |
|a Peru
|x Economic conditions.
|
| 655 |
|
0 |
|a Electronic books.
|
| 791 |
2 |
|
|a Digitalia (Firm),
|e distributor.
|
| 793 |
0 |
|
|g Digitalia eBook Collection:
|a Universidad Peruana de Ciencias Aplicadas
|
| 776 |
0 |
8 |
|i Print version:
|a Alvarez Falcón, César.
|t Despegue.
|b Primera edición.
|d Lima, Perú : UPC, Universidad Peruana de Ciencias Aplicadas, [2012]
|z 9786124041754
|
| 856 |
4 |
0 |
|3 Digitalia Hispánica
|u https://www.digitaliapublishing.com/a/45582/
|
| 910 |
|
|
|a Premium collection: 2022
|